| 000 | 00402nam a22001577a 4500 | ||
|---|---|---|---|
| 003 | OSt | ||
| 008 | 260224b |||||||| |||| 00| 0 eng d | ||
| 020 | _a9788124800669 | ||
| 082 | _a823.5 FIJ | ||
| 100 | _aFIELDING,Henry | ||
| 245 | _aThe History of the Adventures of Joseph Andrews | ||
| 250 | _a1st Ed Reprint | ||
| 260 |
_aNew Delhi _bPeacock Classics _c2025 |
||
| 300 | _a335p | ||
| 942 |
_2ddc _cREF |
||
| 999 |
_c13854 _d13854 |
||